000 00777nam a2200301 a 4500
003 AR-BaBNM
005 20251128210716.0
008 082120s2002 ||||||||||||||000 | spa||
020 _a950-739-554-7
040 _cAR-BaBNM
100 1 _aMontessori, María
245 0 0 _aEducar para un nuevo mundo
260 _aBuenos Aires
_bErrepar
_c1998
300 _a121 p.
490 0 _aNueva educación
650 4 _aDIDACTICA
650 4 _aHISTORIA DE LA EDUCACION
650 4 _aFINALIDADES DE LA EDUCACION
650 4 _aPSICOLOGIA DEL NIÑO
650 4 _aPSICOLOGIA EVOLUTIVA
650 4 _aLENGUAJE
650 4 _aMETODOS DE ENSEÑANZA
650 4 _aROL DEL DOCENTE
653 _aMETODO MONTESSORI
653 _aESCUELA NUEVA
942 _cBK
998 _cRAQUEL
999 _c16543
_d16543